| 000 | 00756nam a22001937a 4500 | ||
|---|---|---|---|
| 999 |
_c60985 _d60985 |
||
| 005 | 20231204120224.0 | ||
| 008 | 231204s1980 ru ||||| |||| 00| 0 rus d | ||
| 041 | _arus | ||
| 080 | _a572+903 Б-82 | ||
| 100 |
_aБорисковский, П. И. _920379 |
||
| 245 |
_aДревнейшее прошлое человечества / _cП.И. Борисовский. |
||
| 250 | _a2-е переработанное издание | ||
| 264 |
_aМ.: _bНаука, _c1980. |
||
| 300 |
_a240 с.: _bил.; _c22 см. |
||
| 653 | _aკაცობრიობის უძველესი წარსული | ||
| 653 | _aადამიანის წარმოშობა | ||
| 653 | _aპოლეოლიტი | ||
| 942 |
_2udc _cᲬᲘᲒᲜᲘ |
||